| 000 | 00337nam a22001457a 4500 | ||
|---|---|---|---|
| 003 | SGT | ||
| 020 | _a81-7446-206-6 | ||
| 082 |
_a658 _bM00R |
||
| 100 | _aRAO,T.V,ED | ||
| 245 | _a360 DEGREE FEEDBACK AND PERFORMANCE MANAGEMENT SYSTEM | ||
| 260 |
_aNEW DELHI _bEXCEL BOOK _c2000 |
||
| 300 | _a263 | ||
| 650 | _aPHARMACY | ||
| 942 |
_2ddc _cBK |
||
| 999 |
_c11231 _d11231 |
||